000 00853nam a22002057a 4500
003 NUST
005 20240831120516.0
008 240831b ||||| |||| 00| 0 eng d
020 _a9781265226596
082 _a808.0422,LAN
100 _aLangan, John
245 _aCollege Writing Skills with Readings /
_cJohn Langan, Zoe L. Albright
250 _a11th Edition
260 _aBoston
_bMcGraw-Hill,
_cc2023
300 _axxiii,794, IG-45
505 _aPart 1: Essay Writing (Page-2), Part 2: Patterns of Essay Development (Page-205), Part 3: Researching, Writing and Documenting (Page-393), Part 4: Handbook of Sentence Skills (Page-479), Part 5: Readings for Writers (Page-641).
650 _aCollege readers | English language -- Grammar |
_9125557
651 _aEnglish language -- Rhetoric | Report writing
_9125558
942 _2ddc
_cREF
999 _c611305
_d611305